000 00861cam a2200229 4500
001 ABS61616
008 000000n 000 0 eng u
035 _a(Sirsi) u101753
100 _aBrown, P. K.
245 _aValuation of local authority leisure
260 _1999
490 _aThe Impugner
_v3(3) July 1999, 41-51(11)
520 _aDiscusses two approaches to valuation: the contractor's basis and the receipts and expenditure approach, in the context of local authority leisure property. Considers whether both methods should produce the same results and whether they are both properly applied.
590 _aABS
650 _aLEISURE PROPERTY
650 _aValuation
_96273
650 _aCONTRACTORS BASIS
650 _aRECEIPTS AND EXPENDITURE VALUATION METHOD
650 _aLOCAL AUTHORITIES
690 _aRATING AND VALUATION
942 _n0
999 _c60869
_d60869